| 000 | 00573nam a2200145Ia 4500 | ||
|---|---|---|---|
| 008 | 151213s9999 xx 000 0 und d | ||
| 100 | _aড. শহীদ ইকবাল। | ||
| 245 |
_aসুবর্ণ সমিধ। _cড. শহীদ ইকবাল। |
||
| 260 |
_aরাজসাহী। _bঅনিক মাহমুদ পঞ্চাশৎ জয়ন্তী পরিষদ। _c2007 / 8 |
||
| 300 | _a8837 p. | ||
| 650 | _aBangla | ||
| 650 | _aজীব্নী গ্রন্থ। | ||
| 700 | _aড. শহীদ ইকবাল। | ||
| 999 |
_c4622 _d4622 |
||